000 00374 a2200157 4500
001 48313
020 _a9788526298491
040 _cAnchieta - Bela Vista
100 _aGóes, Lúcia Pimentel
240 1 0 _aO gato Guto e o pato Pito
_lpor
245 1 0 _aO gato Guto e o pato Pito
300 _a15 p.
362 0 _a2015
650 4 _aLiteratura infanto-juvenil
942 _cBK
999 _c48313
_d48313